| 000 | 00365nam a2200145Ia 4500 | ||
|---|---|---|---|
| 008 | 240624s9999 xx 000 0 und d | ||
| 041 | _aeng | ||
| 082 | _a510 THU | ||
| 100 | _aTHUKRAL J K | ||
| 245 | _aMATHEMATICS FOR CA PROFESSIONAL EDUCATIO | ||
| 250 | _a(3rd ed.) | ||
| 260 |
_c2005 _aNew Delhi _bTaxmann |
||
| 300 | _axviv, : 745 : p. : cm. ; 24 | ||
| 365 | _cRS | ||
| 999 |
_c2593 _d2593 |
||